Weiter zum Inhalt
VuFind
Login
Sprache
Slovak
English
Deutsch
Español
Français
Italiano
Português
Alle Felder
Titel
Verfasser
Schlagwort
Signatur
ISBN/ISSN
Tag
Suchen
Erweitert
Obchodník
Zitieren
SMS versenden
Als E-Mail versenden
Drucken
Datensatz exportieren
Exportieren nach RefWorks
Exportieren nach EndNoteWeb
Exportieren nach EndNote
Zu den Favoriten
Persistenter Link
Wird geladen …
Obchodník měsíčník Hospodářských novin
Gespeichert in:
Bibliographische Detailangaben
Format:
Schriftenreihe
Sprache:
Tschechisch
Veröffentlicht:
Praha
Economia
Schlagworte:
obchod
predaj
marketing
logistika
financie
Tags:
Tag hinzufügen
Keine Tags, Fügen Sie das erste Tag hinzu!
View in EUBA Opac
Exemplare
Beschreibung
Kommentare
Ähnliche Einträge
Internformat
MARC
LEADER
00000nas1a22000001 4500
001
s120073
005
20230522113334.6
022
|a
1210-6178
041
0
|a
cze
044
|a
CZ
245
1
0
|a
Obchodník
|b
měsíčník Hospodářských novin
264
1
|a
Praha
|b
Economia
610
2
0
|a
obchod
610
2
0
|a
predaj
610
2
0
|a
marketing
610
2
0
|a
logistika
610
2
0
|a
financie
Ähnliche Einträge
Obchodník Měsíčník Hospodářských novin
Veröffentlicht: (1994)
Obchodník měsíčník Hospodářských novin
Veröffentlicht: (2002)
Obchodník měsíčník Hospodářských novin
Veröffentlicht: (2001)
Obchodník měsíčník Hospodářských novin pro prodej a distribuci zboží
Veröffentlicht: (1996)
Obchodník měsíčník Hospodářských novin pro prodej a distribuci zboží
Veröffentlicht: (1995)